Top 3 airlines of each Asian countries - Statistics

General Stats
  • This quiz has been taken 37 times
  • The average score is 54 of 112
Answer Stats
Hint Answer % Correct
China Air China
96%
Taiwan China Airlines
96%
Japan Japan Airlines
96%
India Air India & Air India Express
93%
Japan All Nippon Airways
89%
Hongkong Cathay Pacific
89%
China China Southern Airlines
89%
Israel El Al
89%
United Arab Emirates Emirates
89%
Hongkong Hong Kong Airlines
89%
South Korea Korean Air
89%
Oman Oman Air
89%
Qatar Qatar Airways
89%
Saudi Arabia Saudia
89%
Singapore Singapore Airlines
89%
Vietnam Vietnam Airlines
89%
China China Eastern Airlines
86%
United Arab Emirates Etihad Airways
86%
Sri Lanka SriLankan Airlines
86%
Pakistan Pakistan International Airlines
82%
Philippines Philippine Airlines
82%
Thailand Thai Airways International
82%
North Korea Air Koryo
79%
Indonesia Garuda Indonesia group
79%
Malaysia Malaysia Airlines
79%
South Korea Asiana Airlines
75%
India IndiGo
75%
Afghanistan Kam Air
75%
Uzbekistan Uzbekistan Airways
75%
Macau Air Macau
71%
Taiwan EVA Air
71%
Bahrain Gulf Air
71%
South Korea Jeju Air
71%
Kuwait Kuwait Airways
71%
Laos Lao Airlines
71%
Brunei Royal Brunei Airlines
71%
Turkmenistan Turkmenistan Airlines
71%
Malaysia AirAsia & AirAsia X
68%
Cambodia Air Cambodia
68%
Bhutan Bhutan Airlines
68%
Cambodia Cambodia Airways
68%
Philippines Cebu Pacific
68%
Iran Iran Air
68%
Myanmar Myanmar Airways International
68%
Philippines Philippines AirAsia
68%
Thailand Thai AirAsia
68%
Afghanistan Ariana Afghan Airlines
64%
Iraq Iraqi Airways
64%
Jordan Royal Jordanian
64%
Singapore Scoot
64%
Mongolia MIAT Mongolian Airlines
61%
Nepal Nepal Airlines
61%
Lebanon Middle East Airlines
57%
Tajikistan Tajik Air
57%
Kazakhstan Air Astana
54%
Bangladesh Biman Bangladesh Airlines
54%
United Arab Emirates Flydubai
54%
Indonesia Lion Air Group
54%
Vietnam VietJet Air
54%
Thailand Bangkok Airways
50%
Syria Syrian Air
50%
Yemen Yemenia
50%
Bhutan Drukair
46%
Maldives Maldivian
43%
Taiwan Starlux Airlines
39%
Timor-Leste/East Timor Air Timor
36%
Malaysia Batik Air Malaysia
36%
Saudi Arabia Flynas
36%
Iran Mahan Air
36%
India SpiceJet
36%
Timor-Leste/East Timor Aero Dili
32%
Vietnam Bamboo Airways
32%
Oman SalamAir
32%
Bangladesh US-Bangla Airlines
32%
Iraq Fly Baghdad
21%
Hongkong Greater Bay Airlines
21%
Israel Israir
21%
Kuwait Jazeera Airways
21%
Singapore Jetstar Asia Airways
21%
Kazakhstan SCAT
21%
Pakistan Airblue
18%
Saudi Arabia Flyadeal
18%
Mongolia Hunnu Air
18%
Pakistan Serene Air
18%
Myanmar Myanmar National Airlines
14%
Uzbekistan Qanot Sharq
14%
Japan Skymark Airlines
14%
Tajikistan Somon Air
14%
Kyrgyzstan Avia Traffic Company
11%
Maldives BeOnd
11%
Mongolia Eznis Airways
11%
Iran Qeshm Air
11%
Cambodia Sky Angkor Airlines
11%
Nepal Buddha Air
7%
Yemen Felix Airways
7%
Sri Lanka FitsAir
7%
Kazakhstan FlyArystan
7%
Maldives Manta Air
7%
Indonesia Super Air Jet
7%
Myanmar Air Thanlwin
4%
Israel Ayit
4%
Uzbekistan Centrum Air
4%
Laos Lao Skyway
4%
Yemen Queen Bilqis Airways
4%
Nepal Shree Airlines
4%
Timor-Leste/East Timor ZEESM
4%
Kyrgyzstan Aero Nomad Airlines
0%
Brunei GallopAir
0%
Laos Lanexang Airways International
0%
Bangladesh Novoair
0%
Kyrgyzstan TezJet
0%
Iraq UR Airlines
0%
No matching quizzes found
Score Distribution
Percent of People with Each Score
Percentile by Number Answered
Your Score History
You have not taken this quiz